Sports Quiz

Random Sports or NFL Quiz

NFL 2013 Season Stat Leaders (Weekly) Quiz Stats

Quiz Updated Jun 25, 2015

Challenge
Share
Tweet
Embed
Score 0/257 Timer 20:00
3 Plays Today
Hint Answer % Correct
Passing Yards (Week 1)Peyton Manning
99.2%
Passing Yards (Week 1)Eli Manning
99.2%
Passing Yards (Week 3)Peyton Manning
99%
Passing Yards (Week 2)Eli Manning
98.9%
Passing Yards (Week 5)Peyton Manning
98.9%
Passing Yards (Week 7)Peyton Manning
98.9%
Passing Yards (Week 11)Peyton Manning
98.8%
Passing Yards (Week 5)Eli Manning
98.8%
Passing Yards (Week 8)Peyton Manning
98.8%
Passing Yards (Week 14)Peyton Manning
98.8%
Passing Yards (Week 10)Peyton Manning
98.8%
Passing Yards (Week 16)Peyton Manning
98.8%
Passing Yards (Week 13)Peyton Manning
98.8%
Passing Yards (Week 1)Drew Brees
97.7%
Passing Yards (Week 3)Drew Brees
97.5%
Passing Yards (Week 4)Drew Brees
97.3%
Passing Yards (Week 9)Drew Brees
97.2%
Passing Yards (Week 8)Drew Brees
97.2%
Passing Yards (Week 10)Drew Brees
97.1%
Passing Yards (Week 16)Drew Brees
97%
Passing Yards (Week 15)Drew Brees
97%
Passing Yards (Week 17)Drew Brees
97%
Passing Yards (Week 1)Joe Flacco
96.4%
Passing Yards (Week 6)Joe Flacco
96%
Passing Yards (Week 3)Matthew Stafford
95.8%
Passing Yards (Week 2)Aaron Rodgers
95.7%
Passing Yards (Week 16)Joe Flacco
95.7%
Passing Yards (Week 7)Matthew Stafford
95.6%
Passing Yards (Week 8)Matthew Stafford
95.5%
Passing Yards (Week 6)Aaron Rodgers
95.5%
Passing Yards (Week 11)Matthew Stafford
95.4%
Passing Yards (Week 17)Aaron Rodgers
95%
Passing Yards (Week 1)Matthew Stafford
95%
Rushing Yards (Week 1)Adrian Peterson
94.5%
Passing Yards (Week 2)Philip Rivers
94.5%
Passing Yards (Week 2)Matt Ryan
94.4%
Passing Yards (Week 4)Philip Rivers
94.4%
Passing Yards (Week 4)Matt Ryan
94.3%
Passing Yards (Week 5)Philip Rivers
94.3%
Passing Yards (Week 8)Matt Ryan
94.1%
Passing Yards (Week 12)Philip Rivers
94%
Rushing Yards (Week 4)Adrian Peterson
94%
Rushing Yards (Week 9)Adrian Peterson
93.6%
Passing Yards (Week 16)Matt Ryan
93.6%
Rushing Yards (Week 12)Adrian Peterson
93.4%
Rushing Yards (Week 13)Adrian Peterson
93.2%
Rushing Yards (Week 3)LeSean McCoy
93.1%
Rushing Yards (Week 10)LeSean McCoy
92.9%
Rushing Yards (Week 14)LeSean McCoy
92.6%
Receiving Yards (Week 8)Calvin Johnson
92.6%
Receiving Yards (Week 7)Calvin Johnson
92.5%
Receiving Yards (Week 9)Andre Johnson
92.5%
Passing Yards (Week 12)Tom Brady
92.4%
Receiving Yards (Week 11)Calvin Johnson
92.4%
Rushing Yards (Week 16)LeSean McCoy
92.3%
Rushing Yards (Week 9)Chris Johnson
92.3%
Rushing Yards (Week 6)LaSean McCoy
92.3%
Rushing Yards (Week 17)LeSean McCoy
92.3%
Receiving Yards (Week 12)Calvin Johnson
92.2%
Passing Yards (Week 14)Tom Brady
92.2%
Passing Yards (Week 13)Tom Brady
92.2%
Receiving Yards (Week 14)Andre Johnson
91.9%
Passing Yards (Week 3)Geno Smith
91.8%
Passing Yards (Week 9)Tom Brady
91.6%
Receiving Yards (Week 4)Torrey Smith
91.4%
Passing Yards (Week 9)Ben Roethlisberger
91.3%
Passing Yards (Week 1)Colin Kaepernick
91.3%
Rushing Yards (Week 17)Chris Johnson
91.2%
Passing Yards (Week 4)Ben Roethlisberger
91.2%
Passing Yards (Week 11)Ben Roethlisberger
91.2%
Passing Yards (Week 3)Ben Roethlisberger
91.2%
Passing Yards (Week 5)Tony Romo
91.1%
Passing Yards (Week 14)Ben Roethlisberger
91%
Receiving Yards (Week 2)DeSean Jackson
90.1%
Receiving Yards (Week 7)Vincent Jackson
90%
Receiving Yards (Week 9)DeSean Jackson
90%
Passing Yards (Week 2)Michael Vick
89.8%
Receiving Yards (Week 11)Vincent Jackson
89.8%
Receiving Yards (Week 2)Julio Jones
89.5%
Receiving Yards (Week 2)James Jones
89.3%
Receiving Yards (Week 7)A.J. Green
89.2%
Passing Yards (Week 8)Andy Dalton
89.2%
Passing Yards (Week 6)Andy Dalton
89.1%
Passing Yards (Week 7)Andy Dalton
89.1%
Receiving Yards (Week 10)A.J. Green
89.1%
Passing Yards (Week 16)Andy Dalton
89%
Hint Answer % Correct
Receiving Yards (Week 15)DeSean Jackson
89%
Rushing Yards (Week 1)LeSean McCoy
89%
Rushing Yards (Week 16)Fred Jackson
88.9%
Passing Yards (Week 5)Jay Cutler
88.8%
Receiving Yards (Week 8)Marvin Jones
88.8%
Passing Yards (Week 10)Russell Wilson
87.8%
Receiving Yards (Week 1)A.J. Green
87.7%
Passing Yards (Week 11)Carson Palmer
87.3%
Passing Yards (Week 12)Carson Palmer
87.2%
Passing Yards (Week 9)Nick Foles
87.1%
Receiving Yards (Week 16)Demaryius Thomas
86.8%
Passing Yards (Week 15)Nick Foles
86.8%
Passing Yards (Week 17)Carson Palmer
86.6%
Rushing Yards (Week 4)Marshawn Lynch
86.6%
Rushing Yards (Week 5)Marshawn Lynch
86.5%
Rushing Yards (Week 7)Marshawn Lynch
86.3%
Rushing Yards (Week 10)Marshawn Lynch
86.3%
Rushing Yards (Week 5)Russell Wilson
86.2%
Passing Yards (Week 6)Carson Palmer
85.9%
Receiving Yards (Week 1)Demaryius Thomas
84.5%
Rushing Yards (Week 5)Eddie Lacy
84.3%
Rushing Yards (Week 6)Eddie Lacy
84.3%
Rushing Yards (Week 8)Eddie Lacy
84.3%
Rushing Yards (Week 9)Eddie Lacy
84.2%
Passing Yards (Week 10)Andrew Luck
84.1%
Rushing Yards (Week 1)Reggie Bush
84.1%
Rushing Yards (Week 12)Eddie Lacy
83.7%
Rushing Yards (Week 4)Reggie Bush
83.3%
Passing Yards (Week 4)Matt Schaub
83.2%
Rushing Yards (Week 14)DeMarco Murray
83.1%
Receiving Yards (Week 11)Antonio Brown
83%
Passing Yards (Week 10)Robert Griffin III
83%
Rushing Yards (Week 12)Jamaal Charles
83%
Rushing Yards (Week 10)Andre Brown
82.7%
Rushing Yards (Week 12)Andre Brown
82.7%
Rushing Yards (Week 2)Darren McFadden
82.7%
Rushing Yards (Week 15)Eddie Lacy
82.7%
Rushing Yards (Week 15)DeMarco Murray
82.6%
Receiving Yards (Week 1)Anquan Boldin
82.6%
Receiving Yards (Week 14)Antonio Brown
82.6%
Rushing Yards (Week 14)Jamaal Charles
82.5%
Rushing Yards (Week 5)Jamaal Charles
82.4%
Receiving Yards (Week 1)Vincent Jackson
82.2%
Rushing Yards (Week 4)Arian Foster
82.2%
Rushing Yards (Week 16)Bryce Brown
81.9%
Rushing Yards (Week 3)DeMarco Murray
81.9%
Receiving Yards (Week 15)Jamaal Charles
81.8%
Rushing Yards (Week 5)Arian Foster
81.7%
Rushing Yards (Week 6)Arian Foster
81.7%
Receiving Yards (Week 1)Andre Johnson
81%
Rushing Yards (Week 4)Frank Gore
80.8%
Receiving Yards (Week 13)Roddy White
80.6%
Rushing Yards (Week 13)Reggie Bush
80.5%
Receiving Yards (Week 3)Antonio Brown
80.3%
Receiving Yards (Week 16)Roddy White
80.2%
Rushing Yards (Week 2)Doug Martin
80.2%
Receiving Yards (Week 12)Brandon Marshall
79.9%
Receiving Yards (Week 10)Brandon Marshall
79.6%
Rushing Yards (Week 3)DeAngelo Williams
79.2%
Rushing Yards (Week 2)Alfred Morris
79%
Receiving Yards (Week 12)Josh Gordon
79%
Receiving Yards (Week 5)Terrance Williams
78.7%
Receiving Yards (Week 13)Josh Gordon
78.7%
Receiving Yards (Week 14)Josh Gordon
78.7%
Rushing Yards (Week 13)Matt Forte
78.6%
Rushing Yards (Week 7)Alfred Morris
78.6%
Receiving Yards (Week 15)Dez Bryant
78.5%
Rushing Yards (Week 8)Alfred Morris
78.4%
Rushing Yards (Week 10)Alfred Morris
78%
Rushing Yards (Week 15)Matt Forte
78%
Receiving Yards (Week 8)Josh Gordon
77.8%
Rushing Yards (Week 7)Matt Forte
77.5%
Receiving Yards (Week 6)Josh Gordon
77.1%
Receiving Yards (Week 2)Jimmy Graham
77.1%
Receiving Yards (Week 5)Dez Bryant
76.8%
Receiving Yards (Week 17)Anquan Boldin
76.7%
Receiving Yards (Week 11)Garrett Graham
76.5%
Rushing Yards (Week 2)C.J. Spiller
75.6%
Receiving Yards (Week 3)Josh Gordon
75.2%
Receiving Yards (Week 4)Victor Cruz
74.9%
Receiving Yards (Week 9)Pierre Garcon
73.9%
Rushing Yards (Week 11)Ryan Mathews
73.4%
Rushing Yards (Week 6)Ryan Mathews
73.2%
Rushing Yards (Week 7)Ryan Mathews
73.2%
Receiving Yards (Week 2)Pierre Garcon
72.9%
Receiving Yards (Week 16)Pierre Garcon
72.3%
Hint Answer % Correct
Receiving Yards (Week 17)Jordy Nelson
72.2%
Rushing Yards (Week 13)C.J. Spiller
72.1%
Receiving Yards (Week 13)Eric Decker
71.8%
Passing Yards (Week 6)Chad Henne
71.6%
Passing Yards (Week 7)Chad Henne
71.1%
Rushing Yards (Week 16)Le'Veon Bell
70.9%
Receiving Yards (Week 7)Eric Decker
70.9%
Receiving Yards (Week 16)Eric Decker
70.7%
Receiving Yards (Week 10)T.Y. Hilton
70.7%
Rushing Yards (Week 17)Ryan Mathews
70.6%
Passing Yards (Week 7)Jake Locker
70.6%
Rushing Yards (Week 11)Ray Rice
70.5%
Rushing Yards (Week 15)Ryan Mathews
70.4%
Receiving Yards (Week 17)TY Hilton
70.3%
Receiving Yards (Week 8)Jordy Nelson
69.9%
Passing Yards (Week 13)Ryan Tannehill
69.8%
Rushing Yards (Week 7)Le'Veon Bell
69.4%
Receiving Yards (Week 6)Larry Fitzgerald
68.8%
Receiving Yards (Week 9)Rob Gronkowski
68.6%
Receiving Yards (Week 4)Tony Gonzalez
68.5%
Receiving Yards (Week 5)T.Y. Hilton
68.5%
Passing Yards (Week 17)Chad Henne
68.1%
Receiving Yards (Week 13)Alshon Jeffery
67.5%
Receiving Yards (Week 6)Vernon Davis
67.4%
Passing Yards (Week 12)Josh McCown
67.2%
Passing Yards (Week 13)Josh McCown
66.2%
Passing Yards (Week 14)Josh McCown
66.1%
Passing Yards (Week 15)Kirk Cousins
64.9%
Rushing Yards (Week 2)James Starks
64.6%
Receiving Yards (Week 5)Alshon Jeffery
64.5%
Rushing Yards (Week 1)Shane Vereen
63.2%
Rushing Yards (Week 12)Knowshon Moreno
63.1%
Rushing Yards (Week 17)LeGarrette Blount
63%
Rushing Yards (Week 9)Chris Ivory
62.6%
Rushing Yards (Week 1)Terrelle Pryor
62.5%
Rushing Yards (Week 7)Chris Ivory
62.3%
Rushing Yards (Week 11)Chris Ivory
62%
Rushing Yards (Week 11)Rashad Jennings
60.8%
Receiving Yards (Week 4)Antonio Gates
59.8%
Rushing Yards (Week 16)Chris Ivory
59.6%
Receiving Yards (Week 12)Mike Wallace
59.3%
Passing Yards (Week 12)Ryan Fitzpatrick
58.8%
Receiving Yards (Week 15)Greg Jennings
58.8%
Receiving Yards (Week 17)Jason Witten
56.6%
Passing Yards (Week 15)Ryan Fitzpatrick
55.9%
Receiving Yards (Week 14)Shane Vereen
55.8%
Rushing Yards (Week 10)Mark Ingram
54.6%
Rushing Yards (Week 8)Zac Stacy
54.4%
Passing Yards (Week 15)Matt Cassel
54.2%
Receiving Yards (Week 6)Justin Blackmon
54.2%
Receiving Yards (Week 5)Hakeem Nicks
53.7%
Receiving Yards (Week 9)Riley Cooper
53.6%
Receiving Yards (Week 3)Santonio Holmes
53.5%
Receiving Yards (Week 6)Riley Cooper
52.8%
Passing Yards (Week 17)Kyle Orton
52.6%
Receiving Yards (Week 10)Tavon Austin
51.8%
Rushing Yards (Week 13)Montee Ball
51.6%
Rushing Yards (Week 8)Terrelle Pryor
51.1%
Receiving Yards (Week 12)Keenan Allen
50.5%
Passing Yards (Week 13)Brandon Weeden
50.4%
Receiving Yards (Week 3)Cecil Shorts
49.7%
Rushing Yards (Week 15)Zac Stacy
49.1%
Receiving Yards (Week 11)Michael Floyd
48.8%
Receiving Yards (Week 17)Golden Tate
47.8%
Passing Yards (Week 9)Case Keenum
47.5%
Receiving Yards (Week 13)Andre Holmes
47.5%
Rushing Yards (Week 8)Andre Ellington
46.4%
Rushing Yards (Week 6)Brandon Jacobs
46%
Receiving Yards (Week 7)Harry Douglas
45.8%
Rushing Yards (Week 3)Bilal Powell
43.8%
Receiving Yards (Week 14)Cordarrelle Patterson
41.4%
Passing Yards (Week 14)Jason Campbell
40%
Rushing Yards (Week 11)Bobby Rainey
39.3%
Passing Yards (Week 11)Scott Tolzien
38.5%
Rushing Yards (Week 14)Bobby Rainey
37.2%
Receiving Yards (Week 8)Kenny Stills
36.7%
Receiving Yards (Week 4)Kenbrell Thompkins
35%
Receiving Yards (Week 10)Rishard Matthews
33.7%
Rushing Yards (Week 17)Matt Asiata
30.7%
Receiving Yards (Week 16)Nate Washington
30.6%
Receiving Yards (Week 15)Kendall Wright
30.5%
Rushing Yards (Week 3)Johnathan Franklin
30.3%
Receiving Yards (Week 3)Donnie Avery
29.6%
Rushing Yards (Week 9)Mike James
29.5%
Rushing Yards (Week 14)Marcel Reece
24.6%

You're not logged in!

Compare scores with friends on all Sporcle quizzes.
Sign Up with Email
OR
Log In

You Might Also Like...

Show Comments

Extras

Top Quizzes Today


Score Distribution

Your Account Isn't Verified!

In order to create a playlist on Sporcle, you need to verify the email address you used during registration. Go to your Sporcle Settings to finish the process.